Slovník cizích slov
Uložené v:
| Hlavný autor: | |
|---|---|
| Médium: | Kniha |
| Jazyk: | Czech |
| Vydavateľské údaje: |
Praha
Státní pedagogické nakladatelství
1981
|
| Edícia: | Odborné slovníky
|
| Tagy: |
Žiadne tagy, Buďte prvý, kto otaguje tento záznam!
|
MARC
| LEADER | 00000nam a2200000 4500 | ||
|---|---|---|---|
| 001 | c127779 | ||
| 005 | 20150325110641.5 | ||
| 041 | 0 | |a cze | |
| 044 | |a CZ | ||
| 245 | 1 | 0 | |a Slovník cizích slov |c Lumír Klimeš |
| 264 | 1 | |a Praha |b Státní pedagogické nakladatelství |c 1981 | |
| 300 | |a 790 s. | ||
| 490 | 1 | |a Odborné slovníky | |
| 830 | 0 | |a Odborné slovníky | |
| 100 | 1 | |a Klimeš, Lumír | |